| 000 | 00375nam a22001457a 4500 | ||
|---|---|---|---|
| 020 | _qPB. | ||
| 040 | _cFIZZA ISHAQ | ||
| 082 |
_a530.928 _bFRE |
||
| 100 |
_aBUECHE,FREDERICH J. _9131676 |
||
| 245 |
_aTHEORY & PROBLEMS OF COLLEGE PHYSICS / _cFREDERICK J. BUECHE. |
||
| 250 | _a7TH ED. | ||
| 260 |
_aNEW YORK: _bMcGRAW-HILL, _c1979. |
||
| 300 | _a341 P. ; | ||
| 942 |
_2ddc _cBK |
||
| 999 |
_c615284 _d615284 |
||